Love On The Brain - Rihanna (All Lyrics) - Statistics

General Stats
  • This quiz has been taken 637 times
  • The average score is 261 of 328
Answer Stats
Answer % Correct
me
99%
me?
99%
me?)
99%
a
98%
got
98%
Got
98%
you
98%
You
98%
I
97%
love
97%
And
96%
and
96%
the
96%
brain
94%
on
94%
like
93%
be
92%
to
91%
Must
90%
What
90%
(What
90%
what
90%
when
88%
do
87%
get
87%
can
86%
Can
86%
oh
86%
Oh
86%
from
85%
want
84%
So
83%
so
83%
It
82%
it
82%
this
82%
feeling
81%
(feeling
81%
Just
81%
just
81%
way
81%
way)
81%
Baby
79%
can't
79%
good
79%
but
78%
ah
77%
enough
77%
your
77%
I'm
74%
with
74%
close
71%
loving
71%
Don't
69%
keep
69%
No
69%
no
69%
That's
69%
babe
68%
babe?
68%
heart
68%
heart?
68%
fucks
67%
fall
66%
(fall
66%
my
66%
stop
66%
apart
65%
apart)
65%
black
65%
blue
65%
for
65%
without
64%
pretty
62%
put
62%
too
62%
taste
61%
against
60%
matter
60%
name
60%
name)
60%
run
60%
wall
60%
fire
59%
miles
59%
high
58%
quit
57%
beats
56%
cursing
56%
(Cursing
56%
together
56%
tried
56%
violin
56%
burn
55%
keeps
55%
in
54%
we
54%
yeah
54%
price
53%
throw
53%
start
52%
buy
51%
I'll
51%
is
51%
played
51%
fighting
48%
of
48%
tired
48%
motherfucking
47%
something
47%
fist
45%
being
44%
All
43%
gotta
42%
need
41%
woo
36%
Ooh
32%
ow
23%
mm
22%
No matching quizzes found
Score Distribution
Percent of People with Each Score
Percentile by Number Answered
Your Score History
You have not taken this quiz